[Event "European Blitz Championship 2021"]
[Site "Katowice"]
[Date "2021.12.17"]
[Round "9.19"]
[White "Przybylski, Wojciech"]
[Black "Rudecki, Bartosz"]
[Result "1/2-1/2"]
[WhiteElo "2247"]
[BlackElo "1770"]
[Annotator "NA"]
[PlyCount "94"]
[EventDate "2021.12.17"]
[EventType "swiss"]
[EventCountry "POL"]
[SourceTitle "playchess.com"]
[Source "ChessBase"]
[SourceQuality "1"]

1. e4 e5 2. Nf3 Nc6 3. Bb5 f5 4. d3 fxe4 5. dxe4 Nf6 6. Nc3 Bb4 7. Qd3 Bxc3+ 8.
bxc3 O-O 9. Bc4+ Kh8 10. O-O d6 11. h3 Na5 12. Bb3 Nxb3 13. axb3 Bd7 14. Bg5
Bc6 15. Nd2 Qe8 16. Rae1 Qg6 17. Bh4 Nh5 18. c4 Rf7 19. Nb1 Rf4 20. Bg3 Rxe4
21. Nc3 Rxe1 22. Rxe1 Qxd3 23. cxd3 Nxg3 24. fxg3 Rf8 25. b4 a6 26. Ra1 Kg8 27.
b5 axb5 28. cxb5 Bd7 29. Ra7 Rb8 30. Kf2 Kf7 31. Ke3 Ke6 32. d4 exd4+ 33. Kxd4
c6 34. Ra1 cxb5 35. Re1+ Kf7 36. Ne4 d5 37. Nd6+ Kg6 38. Kxd5 Bc6+ 39. Kc5 Bxg2
40. Re6+ Kg5 41. h4+ Kg4 42. Re7 Kxg3 43. Rxg7+ Kh3 44. Rxh7 Bf1 45. Nxb7 b4
46. Kxb4 Bg2 47. Kc5 Rxb7 1/2-1/2

[Event "European Blitz Championship 2021"]
[Site "Katowice"]
[Date "2021.12.17"]
[Round "9.19"]
[White "Swicarz, Maciej"]
[Black "Donchenko, Alexander"]
[Result "0-1"]
[WhiteElo "2131"]
[BlackElo "2645"]
[Annotator "ChessBase"]
[PlyCount "76"]
[EventDate "2021.12.17"]
[EventType "swiss"]
[EventCountry "POL"]
[SourceTitle "playchess.com"]
[Source "ChessBase"]
[SourceQuality "1"]

1. e4 c6 2. Nc3 d5 3. Nf3 dxe4 4. Nxe4 Nf6 5. Nxf6+ exf6 6. d4 Bd6 7. c3 O-O 8.
Be2 Re8 9. O-O Bg4 10. h3 Bh5 11. Re1 Nd7 12. Nh2 Qe7 13. Be3 Bxe2 14. Rxe2 Nb6
15. Re1 Nd5 16. Nf3 f5 17. Bf4 Qc7 18. Bxd6 Qxd6 19. Qd3 g6 20. a3 Nf4 21. Qc4
Re4 22. Ng5 Re7 23. Nf3 Rae8 24. Re5 Kg7 25. Rae1 Nd5 26. Qf1 b5 27. R1e2 Rxe5
28. Rxe5 Rd8 29. Qe2 a6 30. h4 Qd7 31. g3 f6 32. Rxd5 cxd5 33. h5 Re8 34. Qd2
Qe6 35. h6+ Kf7 36. Qf4 Qe4 37. Kf1 Qxf4 38. gxf4 Re4 0-1

[Event "European Blitz Championship 2021"]
[Site "Katowice"]
[Date "2021.12.17"]
[Round "9.20"]
[White "Lewtak, Dominik"]
[Black "Walter, Szymon"]
[Result "1/2-1/2"]
[WhiteElo "2165"]
[BlackElo "2277"]
[Annotator "ChessBase"]
[PlyCount "132"]
[EventDate "2021.12.17"]
[EventType "swiss"]
[EventCountry "POL"]
[SourceTitle "playchess.com"]
[Source "ChessBase"]
[SourceQuality "1"]

1. e4 c5 2. Nf3 d6 3. d4 cxd4 4. Nxd4 Nf6 5. Nc3 g6 6. Be2 Bg7 7. O-O O-O 8.
Be3 Nc6 9. f3 a6 10. a4 Bd7 11. Qd2 Rc8 12. Rad1 Re8 13. b3 Nxd4 14. Bxd4 Qa5
15. Bc4 Qb4 16. Qe3 b5 17. Bxf6 bxc4 18. Bxg7 Kxg7 19. Nd5 Qc5 20. Qxc5 Rxc5
21. b4 Rcc8 22. Nb6 Rc7 23. Nxd7 Rxd7 24. a5 c3 25. Rd3 Rc7 26. Kf2 Rb8 27. Rd4
Rb5 28. Rb1 Kf6 29. Rb3 Ke6 30. Ke3 f5 31. Kd3 fxe4+ 32. Rxe4+ Kd7 33. Rxc3
Rcb7 34. Rb3 e5 35. c3 Ke6 36. f4 Rd5+ 37. Ke3 Rd1 38. fxe5 dxe5 39. Ke2 Rh1
40. h3 Rg1 41. Kf2 Rc1 42. Re3 Rf7+ 43. Kg3 h5 44. Rb2 Rc7 45. Rb3 Rc4 46. Kf2
Rc2+ 47. Kg3 h4+ 48. Kh2 Kf5 49. Rf3+ Ke6 50. Re3 Rf4 51. Rb1 Rff2 52. Rg1 Kd5
53. Kh1 e4 54. Rd1+ Ke5 55. Rd4 Rxg2 56. Rexe4+ Kf5 57. Rf4+ Ke5 58. Rfe4+ Kf6
59. Rxh4 Rh2+ 60. Kg1 Rhg2+ 61. Kf1 Rgf2+ 62. Kg1 Rg2+ 63. Kf1 Rgf2+ 64. Kg1
Rg2+ 65. Kf1 Rgf2+ 66. Kg1 Rg2+ 1/2-1/2

[Event "European Blitz Championship 2021"]
[Site "Katowice"]
[Date "2021.12.17"]
[Round "9.20"]
[White "Karolczuk, Iwo"]
[Black "Pultinevicius, Paulius"]
[Result "1-0"]
[WhiteElo "2093"]
[BlackElo "2546"]
[Annotator "ChessBase"]
[PlyCount "122"]
[EventDate "2021.12.17"]
[EventType "swiss"]
[EventCountry "POL"]
[SourceTitle "playchess.com"]
[Source "ChessBase"]
[SourceQuality "1"]

1. d4 Nf6 2. Nf3 g6 3. c3 Bg7 4. Bf4 O-O 5. e3 d6 6. h3 c5 7. dxc5 dxc5 8. Nbd2
Nc6 9. Qc2 b6 10. Be2 Bb7 11. O-O Qc8 12. Rfd1 Rd8 13. Nc4 Qe6 14. Ng5 Qc8 15.
Qb3 Nd5 16. Bg4 e6 17. Nd6 Na5 18. Qa4 Bc6 19. Qc2 Rxd6 20. Bxd6 Nc4 21. Bg3
Qb7 22. Qe2 b5 23. Ne4 Ndxe3 24. Nxc5 Qe7 25. fxe3 Qxc5 26. Bf2 Ne5 27. e4 Qe7
28. Bd4 Qc7 29. Rf1 Rd8 30. Rad1 Rd7 31. Bxe5 Bxe5 32. Rxd7 Qxd7 33. Rd1 Qc7
34. Qd3 Qb7 35. Bf3 Kg7 36. Qe3 Bc7 37. Kf1 e5 38. Qc5 h5 39. Qe7 b4 40. c4 Qb6
41. b3 a5 42. Qg5 Qc5 43. Ke2 Bb6 44. Qd2 a4 45. Rf1 a3 46. Qd3 Bb7 47. Qd2 Bc6
48. Qd3 Ba7 49. Qd2 Qe7 50. Qd3 Bd4 51. Qd2 Bd7 52. Qd3 Be6 53. Qd2 Qc5 54. Qd3
Bc3 55. Qe3 Bxc4+ 56. bxc4 Qxc4+ 57. Kf2 Bd4 58. Be2 Bxe3+ 59. Kxe3 Qxa2 60.
Rf2 Qb2 61. Bc4 Qd4+ 1-0

[Event "European Blitz Championship 2021"]
[Site "Katowice"]
[Date "2021.12.17"]
[Round "9.21"]
[White "Wilk, Krzysztof"]
[Black "Madajczak, Piotr"]
[Result "1-0"]
[WhiteElo "2206"]
[BlackElo "1765"]
[Annotator "NA"]
[PlyCount "45"]
[EventDate "2021.12.17"]
[EventType "swiss"]
[EventCountry "POL"]
[SourceTitle "playchess.com"]
[Source "ChessBase"]
[SourceQuality "1"]

1. b4 e6 2. Bb2 d5 3. e3 Nf6 4. a3 Be7 5. Nf3 O-O 6. c4 c5 7. bxc5 Bxc5 8. Bxf6
Qxf6 9. d4 Bb6 10. Nbd2 Nc6 11. Be2 dxc4 12. Nxc4 Bc7 13. O-O b6 14. Qc2 Bb7
15. Bd3 h6 16. Be4 Rac8 17. Rac1 Na5 18. Bxb7 Nxb7 19. Qa4 Ra8 20. Qc6 Na5 21.
Nxa5 bxa5 22. Qxc7 Qe7 23. Qc6 1-0

[Event "European Blitz Championship 2021"]
[Site "Katowice"]
[Date "2021.12.17"]
[Round "9.21"]
[White "Batashevs, Arsens"]
[Black "Dragnev, Valentin"]
[Result "0-1"]
[WhiteElo "2091"]
[BlackElo "2548"]
[Annotator "ChessBase"]
[PlyCount "86"]
[EventDate "2021.12.17"]
[EventType "swiss"]
[EventCountry "POL"]
[SourceTitle "playchess.com"]
[Source "ChessBase"]
[SourceQuality "1"]

1. Nf3 Nf6 2. b3 d5 3. Bb2 Bf5 4. e3 e6 5. Be2 h6 6. c4 Be7 7. d4 O-O 8. Nc3 c6
9. O-O Nbd7 10. Rc1 Re8 11. h3 Bd6 12. cxd5 exd5 13. Bd3 Bxd3 14. Qxd3 Qe7 15.
Rc2 Ne4 16. Nd2 f5 17. Re1 Qf6 18. a3 a5 19. Nf1 Qe7 20. f3 Nxc3 21. Bxc3 Rf8
22. a4 Qh4 23. Rce2 Bc7 24. e4 fxe4 25. fxe4 Nf6 26. exd5 Nxd5 27. Bd2 Rad8 28.
Qg6 Qxd4+ 29. Kh1 Qf6 30. Qxf6 Rxf6 31. Re8+ Rxe8 32. Rxe8+ Kf7 33. Re1 Re6 34.
Rc1 Re2 35. Rd1 Bb6 36. Ng3 Re5 37. Rf1+ Ke6 38. Rf8 Nf6 39. Rb8 Rd5 40. Rxb7
Bf2 41. Bf4 Rd1+ 42. Kh2 Bg1+ 43. Kh1 Be3+ 0-1

[Event "European Blitz Championship 2021"]
[Site "Katowice"]
[Date "2021.12.17"]
[Round "9.22"]
[White "Papasimakopoulos, Alexandros"]
[Black "Paczka, Patryk"]
[Result "1-0"]
[WhiteElo "2394"]
[BlackElo "1909"]
[Annotator "NA"]
[PlyCount "47"]
[EventDate "2021.12.17"]
[EventType "swiss"]
[EventCountry "POL"]
[SourceTitle "playchess.com"]
[Source "ChessBase"]
[SourceQuality "1"]

1. d4 Nf6 2. c4 g6 3. Nc3 Bg7 4. e4 d6 5. f3 O-O 6. Nge2 Nbd7 7. Be3 c5 8. Qd2
Rb8 9. Nc1 a6 10. Nb3 cxd4 11. Bxd4 b6 12. Be2 Bb7 13. O-O Nc5 14. Rad1 Qc7 15.
Rc1 Ba8 16. Rfd1 Ne6 17. Be3 Nc5 18. Bf1 Nfd7 19. Nd5 Qd8 20. Nd4 Bxd5 21. cxd5
Qe8 22. b4 Na4 23. Bxa6 Ne5 24. Bb5 1-0

[Event "European Blitz Championship 2021"]
[Site "Katowice"]
[Date "2021.12.17"]
[Round "9.22"]
[White "Brzezinski, Mateusz"]
[Black "Kulesza, Andrzej"]
[Result "1-0"]
[WhiteElo "2201"]
[BlackElo "1740"]
[Annotator "NA"]
[PlyCount "112"]
[EventDate "2021.12.17"]
[EventType "swiss"]
[EventCountry "POL"]
[SourceTitle "playchess.com"]
[Source "ChessBase"]
[SourceQuality "1"]

1. c4 Nf6 2. Nc3 e6 3. e4 d5 4. e5 d4 5. exf6 dxc3 6. bxc3 Qxf6 7. Nf3 Nc6 8.
d4 h6 9. Bd3 Be7 10. O-O e5 11. dxe5 Nxe5 12. Nxe5 Qxe5 13. Re1 Qf6 14. Ba3 Be6
15. Qa4+ c6 16. Rab1 O-O 17. Re3 Bxa3 18. Qxa3 b6 19. c5 Rfd8 20. h3 Bd5 21.
Rbe1 b5 22. Qa5 g6 23. a4 a6 24. Bc2 Kg7 25. Qc7 Rac8 26. Qb7 Ra8 27. Bd1 Rdb8
28. Qc7 Rc8 29. Qb6 Rcb8 30. Qa5 Qd8 31. Qb4 a5 32. Qd4+ Qf6 33. Qg4 h5 34. Qd7
b4 35. cxb4 axb4 36. Bb3 Bxb3 37. Rxb3 Qd8 38. Qxc6 Rc8 39. Qb5 Rab8 40. Qc4
Qf6 41. Rxb4 Rxb4 42. Qxb4 Rc7 43. Rc1 Qc6 44. a5 Rb7 45. Qc3+ Kh7 46. Qc4 Qf6
47. c6 Rb2 48. Qc5 Rb8 49. c7 Rc8 50. Qc6 Qf4 51. a6 Kg7 52. a7 Kh7 53. Rc4 Qd2
54. a8=Q Qe1+ 55. Kh2 Rxa8 56. Qxa8 Qxf2 1-0

[Event "European Blitz Championship 2021"]
[Site "Katowice"]
[Date "2021.12.17"]
[Round "9.23"]
[White "Baum, Jonasz"]
[Black "Pelka, Michal"]
[Result "1-0"]
[WhiteElo "2157"]
[BlackElo "1709"]
[Annotator "NA"]
[PlyCount "52"]
[EventDate "2021.12.17"]
[EventType "swiss"]
[EventCountry "POL"]
[SourceTitle "playchess.com"]
[Source "ChessBase"]
[SourceQuality "1"]

1. d4 d5 2. c4 e6 3. Nc3 Nf6 4. cxd5 exd5 5. Bg5 c6 6. e3 Be7 7. Bd3 O-O 8. Qc2
h6 9. Bf4 c5 10. dxc5 Bxc5 11. Nge2 Nc6 12. O-O Nb4 13. Qb1 Bg4 14. Bf5 Bh5 15.
a3 Nc6 16. Qc2 Qe7 17. b4 Bb6 18. Na4 Bxe2 19. Qxe2 d4 20. Nxb6 axb6 21. Qf3
dxe3 22. Bxe3 Ne5 23. Qg3 Nd5 24. Bxh6 Qf6 25. Be4 Rad8 26. Bg5 Qe6 1-0

[Event "European Blitz Championship 2021"]
[Site "Katowice"]
[Date "2021.12.17"]
[Round "9.23"]
[White "Warchol, Kamil"]
[Black "Spalir, Jernej"]
[Result "0-1"]
[WhiteElo "1706"]
[BlackElo "2368"]
[Annotator "ChessBase"]
[PlyCount "116"]
[EventDate "2021.12.17"]
[EventType "swiss"]
[EventCountry "POL"]
[SourceTitle "playchess.com"]
[Source "ChessBase"]
[SourceQuality "1"]

1. e4 e5 2. Nf3 Nc6 3. Bc4 Bc5 4. c3 Nf6 5. d3 O-O 6. Nbd2 d5 7. exd5 Nxd5 8.
Ne4 Be7 9. O-O a6 10. a4 Bg4 11. h3 Bh5 12. a5 Rb8 13. Qb3 Nf6 14. Nxf6+ Bxf6
15. Bd5 Ne7 16. Be4 Bxf3 17. Bxf3 Qxd3 18. Rd1 Qb5 19. Qxb5 axb5 20. Be3 c6 21.
Bc5 Rfd8 22. Re1 Ng6 23. a6 bxa6 24. Rxa6 e4 25. Bxe4 Rd2 26. Bxc6 Rxb2 27. Ra8
Rxa8 28. Bxa8 h6 29. Bd5 Ne5 30. Bd4 Nd7 31. Bxf6 Nxf6 32. Bc6 Rb3 33. Re5 Rxc3
34. Bxb5 g5 35. Bf1 Kg7 36. g3 Nd7 37. Re1 Kf6 38. Bg2 Ne5 39. Ra1 Rc2 40. Ra6+
Kg7 41. Ra1 Rb2 42. Rd1 h5 43. Rd5 Kf6 44. Rd6+ Kg7 45. Rd5 f6 46. f4 gxf4 47.
gxf4 Ng6 48. Rd7+ Kh6 49. f5 Nf4 50. Bf1 Kg5 51. Rg7+ Kxf5 52. Rh7 Rb1 53. Kf2
Rb2+ 54. Kg1 Kg6 55. Rh8 Kg5 56. Rf8 Ng6 57. Re8 Ne5 58. Ra8 Nf3+ 0-1

[Event "European Blitz Championship 2021"]
[Site "Katowice"]
[Date "2021.12.17"]
[Round "9.24"]
[White "Zylka, Stanislaw"]
[Black "Sumets, Andrey"]
[Result "1/2-1/2"]
[WhiteElo "2143"]
[BlackElo "2527"]
[Annotator "ChessBase"]
[PlyCount "54"]
[EventDate "2021.12.17"]
[EventType "swiss"]
[EventCountry "POL"]
[SourceTitle "playchess.com"]
[Source "ChessBase"]
[SourceQuality "1"]

1. e4 e6 2. f4 d5 3. e5 f6 4. Nf3 Nh6 5. d4 c5 6. c3 Bd7 7. Bd3 Qb6 8. O-O Nc6
9. Bc2 Rc8 10. a3 Be7 11. Kh1 O-O 12. dxc5 Qxc5 13. Nbd2 Qb6 14. b4 Ng4 15. Nb3
Nf2+ 16. Rxf2 Qxf2 17. Qd3 g6 18. Be3 Nxe5 19. fxe5 Bb5 20. Bxf2 Bxd3 21. Bxd3
Rxc3 22. Nc1 Rfc8 23. Be3 a5 24. Bd2 R3c7 25. bxa5 fxe5 26. Nxe5 Bf6 27. Bf4
Bxe5 1/2-1/2

[Event "European Blitz Championship 2021"]
[Site "Katowice"]
[Date "2021.12.17"]
[Round "9.24"]
[White "Budzisz, Adrian"]
[Black "Sliwicki, Damian"]
[Result "1/2-1/2"]
[WhiteElo "1985"]
[BlackElo "2151"]
[Annotator "ChessBase"]
[PlyCount "130"]
[EventDate "2021.12.17"]
[EventType "swiss"]
[EventCountry "POL"]
[SourceTitle "playchess.com"]
[Source "ChessBase"]
[SourceQuality "1"]

1. d4 d5 2. Nf3 Nf6 3. c4 e6 4. g3 dxc4 5. Bg2 c5 6. O-O Nc6 7. dxc5 Qxd1 8.
Rxd1 Bxc5 9. Nc3 O-O 10. Bf4 e5 11. Nxe5 Nxe5 12. Bxe5 Bxf2+ 13. Kf1 Ng4 14.
Bf4 Bb6 15. h3 Ne3+ 16. Bxe3 Bxe3 17. Nd5 Bc5 18. Rac1 Be6 19. Rxc4 Rac8 20. e4
Bd7 21. Nc3 Be6 22. Nd5 f5 23. e5 Kf7 24. Ke2 Rfd8 25. b4 Bf8 26. Rxc8 Rxc8 27.
Rd2 b6 28. a3 g6 29. Nf4 Rc3 30. Nxe6 Kxe6 31. Rd3 Rc2+ 32. Kf1 Kxe5 33. Bf3
Bh6 34. Rd7 Be3 35. Ba8 f4 36. gxf4+ Kxf4 37. Rxh7 Ra2 38. Rxa7 g5 39. a4 Ra1+
40. Ke2 Ra2+ 41. Kd3 Rd2+ 42. Kc3 Rh2 43. Rf7+ Ke5 44. Rh7 Bd2+ 45. Kc4 g4 46.
Rh5+ Kd6 47. hxg4 Rf2 48. Kb5 Re2 49. Rd5+ Kc7 50. Bc6 Be1 51. Rd7+ Kc8 52.
Kxb6 Bxb4 53. Rf7 Re5 54. Bb5 Bc5+ 55. Kc6 Bb4 56. Ba6+ Kd8 57. Rd7+ Ke8 58.
Rd5 Re6+ 59. Kb5 Ba3 60. Bb7 Rg6 61. g5 Bc1 62. Bc6+ Ke7 63. a5 Rxg5 64. Rxg5
Bxg5 65. a6 Be3 1/2-1/2

[Event "European Blitz Championship 2021"]
[Site "Katowice"]
[Date "2021.12.17"]
[Round "9.25"]
[White "Pacuszka, Tomasz"]
[Black "Norkeliunas, Matas"]
[Result "1-0"]
[WhiteElo "2145"]
[BlackElo "1626"]
[Annotator "NA"]
[PlyCount "75"]
[EventDate "2021.12.17"]
[EventType "swiss"]
[EventCountry "POL"]
[SourceTitle "playchess.com"]
[Source "ChessBase"]
[SourceQuality "1"]

1. e4 c5 2. Be2 e6 3. f4 d5 4. d3 Nc6 5. Nf3 dxe4 6. dxe4 Qxd1+ 7. Bxd1 Nf6 8.
Nc3 Bd7 9. O-O O-O-O 10. h3 Nd4 11. e5 Nd5 12. Nxd5 exd5 13. Nxd4 cxd4 14. Be2
Bc5 15. Bd3 a6 16. Bd2 Bb5 17. Kf2 f6 18. exf6 gxf6 19. Rfe1 Rhe8 20. Kf3 Bxd3
21. cxd3 Kb8 22. Rxe8 Rxe8 23. Re1 Rxe1 24. Bxe1 Kc7 25. Kg4 Kd6 26. Kf5 Ke7
27. Bh4 Bb4 28. Bxf6+ Kf7 29. Bxd4 Bd2 30. g4 b5 31. b3 a5 32. a4 b4 33. h4 Bc3
34. Bb6 Be1 35. h5 h6 36. Bxa5 d4 37. Bb6 Bc3 38. a5 1-0

[Event "European Blitz Championship 2021"]
[Site "Katowice"]
[Date "2021.12.17"]
[Round "9.25"]
[White "Nemec, Jachym"]
[Black "Gretarsson, Helgi Ass"]
[Result "0-1"]
[WhiteElo "2126"]
[BlackElo "2476"]
[Annotator "ChessBase"]
[PlyCount "82"]
[EventDate "2021.12.17"]
[EventType "swiss"]
[EventCountry "POL"]
[SourceTitle "playchess.com"]
[Source "ChessBase"]
[SourceQuality "1"]

1. d4 g6 2. e4 Bg7 3. Nf3 d6 4. Bc4 c6 5. Qe2 b5 6. Bb3 a5 7. c3 Ba6 8. Bc2 b4
9. Bd3 Bxd3 10. Qxd3 Nd7 11. O-O Qc7 12. Be3 Ngf6 13. Nbd2 O-O 14. h3 c5 15.
Rfc1 Rfd8 16. a3 bxc3 17. bxc3 Nb6 18. d5 Nfd7 19. Rab1 c4 20. Qe2 Na4 21. Bd4
Bxd4 22. Nxd4 Ne5 23. Qd1 Nc5 24. Rb5 a4 25. Rcb1 Nb3 26. Rb4 Rdb8 27. Qe2 Rxb4
28. axb4 Qb6 29. Nc2 a3 30. Nxc4 Nxc4 31. Qxc4 a2 32. Qxb3 axb1=Q+ 33. Qxb1 Qb5
34. Ne3 Qe2 35. b5 Ra2 36. b6 Qxf2+ 37. Kh1 Rb2 38. Qd3 Qe1+ 39. Kh2 Qb1 40.
Nc4 Qxd3 41. Nxb2 Qb5 0-1

[Event "European Blitz Championship 2021"]
[Site "Katowice"]
[Date "2021.12.17"]
[Round "9.26"]
[White "Bernadskiy, Vitaliy"]
[Black "Karpus, Michal"]
[Result "1-0"]
[WhiteElo "2592"]
[BlackElo "2129"]
[Annotator "ChessBase"]
[PlyCount "105"]
[EventDate "2021.12.17"]
[EventType "swiss"]
[EventCountry "POL"]
[SourceTitle "playchess.com"]
[Source "ChessBase"]
[SourceQuality "1"]

1. e4 e5 2. Nf3 Nc6 3. Bb5 a6 4. Ba4 Nf6 5. Nc3 b5 6. Bb3 Be7 7. d3 d6 8. a4
Rb8 9. axb5 axb5 10. Nd5 Nxd5 11. Bxd5 Nb4 12. Bb3 Be6 13. Bxe6 fxe6 14. c3 Nc6
15. O-O O-O 16. d4 exd4 17. cxd4 d5 18. Qe2 Kh8 19. Bd2 dxe4 20. Qxe4 Qd5 21.
Rfe1 Bf6 22. Qxd5 exd5 23. Be3 Nb4 24. Rec1 Rfc8 25. Ne1 c5 26. Rxc5 Rxc5 27.
dxc5 Bxb2 28. Rb1 Bc3 29. Nf3 Nd3 30. Rd1 Nb4 31. h4 Rc8 32. Rb1 Nc2 33. Rxb5
Bb4 34. c6 Nxe3 35. fxe3 Bd6 36. Nd4 Bg3 37. Rxd5 Bxh4 38. Rd7 Bg3 39. Kf1 Kg8
40. Ke2 Be5 41. Nf5 Kf8 42. Ne7 Re8 43. Nd5 Rc8 44. c7 Ke8 45. Nb6 Rxc7 46. Rd5
Bf6 47. Ra5 Rb7 48. Nd5 Rb2+ 49. Kf3 Kf7 50. Ra7+ Kg6 51. Nf4+ Kf5 52. g4+ Kg5
53. Ra5+ 1-0

[Event "European Blitz Championship 2021"]
[Site "Katowice"]
[Date "2021.12.17"]
[Round "9.26"]
[White "Kaliszuk, Kamil"]
[Black "Cukrowski, Filip"]
[Result "1/2-1/2"]
[WhiteElo "1830"]
[BlackElo "2101"]
[Annotator "NA"]
[PlyCount "89"]
[EventDate "2021.12.17"]
[EventType "swiss"]
[EventCountry "POL"]
[SourceTitle "playchess.com"]
[Source "ChessBase"]
[SourceQuality "1"]

1. e4 c6 2. d4 d5 3. e5 Bf5 4. h4 h5 5. c4 e6 6. Nc3 Bb4 7. Qb3 Qb6 8. a3 Ba5
9. Qxb6 Bxb6 10. Be3 dxc4 11. Bxc4 Ne7 12. Nge2 Nd7 13. Ng3 Bg6 14. Nce4 O-O
15. Be2 Nf5 16. Nxf5 exf5 17. Ng3 f4 18. Bxf4 Bxd4 19. Bxh5 Bxh5 20. Nxh5 Bxb2
21. Rb1 Bc3+ 22. Kf1 b6 23. Rh3 Bxe5 24. Rg3 g6 25. Bxe5 Nxe5 26. Nf6+ Kg7 27.
Ne4 Rad8 28. h5 Rd4 29. Ng5 Re8 30. Re1 f6 31. Nf3 Nxf3 32. Rxe8 Rd1+ 33. Ke2
Re1+ 34. Kxf3 Rxe8 35. Rxg6+ Kf7 36. Rg4 Re5 37. h6 Rg5 38. Rxg5 fxg5 39. Kg4
Kg6 40. h7 Kxh7 41. Kxg5 c5 42. Kf5 b5 43. Ke4 b4 44. axb4 cxb4 45. Kd3 1/2-1/2

[Event "European Blitz Championship 2021"]
[Site "Katowice"]
[Date "2021.12.17"]
[Round "9.27"]
[White "Andersen, Mads"]
[Black "Smieszek, Wojciech"]
[Result "1-0"]
[WhiteElo "2575"]
[BlackElo "2080"]
[Annotator "ChessBase"]
[PlyCount "81"]
[EventDate "2021.12.17"]
[EventType "swiss"]
[EventCountry "POL"]
[SourceTitle "playchess.com"]
[Source "ChessBase"]
[SourceQuality "1"]

1. Nf3 Nf6 2. g3 c5 3. Bg2 Nc6 4. O-O g6 5. c4 Bg7 6. d4 cxd4 7. Nxd4 O-O 8.
Nc2 d6 9. Nc3 Be6 10. b3 Qd7 11. Re1 Bh3 12. Bh1 Ng4 13. Bd2 Qf5 14. f3 Qc5+
15. e3 Nge5 16. Na4 Nxf3+ 17. Qxf3 Qe5 18. Bc3 Qg5 19. Bxg7 Kxg7 20. Qf4 Qh5
21. Qh4 Qf5 22. Be4 Qd7 23. Qf4 Ne5 24. Nc3 h6 25. Rad1 g5 26. Qf2 f5 27. Bg2
Bg4 28. Rd4 Nc6 29. Rd2 e5 30. Nd5 Rae8 31. Bf3 Bh3 32. Bg2 Bg4 33. h3 Bh5 34.
Rf1 f4 35. gxf4 exf4 36. exf4 gxf4 37. Nxf4 Kh7 38. Nd4 Ne5 39. Kh1 Rg8 40.
Nxh5 Rg5 41. Nf6+ 1-0

[Event "European Blitz Championship 2021"]
[Site "Katowice"]
[Date "2021.12.17"]
[Round "9.27"]
[White "Froewis, Annika"]
[Black "Sowinski, Pawel"]
[Result "1-0"]
[WhiteElo "2100"]
[BlackElo "1548"]
[Annotator "NA"]
[PlyCount "109"]
[EventDate "2021.12.17"]
[EventType "swiss"]
[EventCountry "POL"]
[SourceTitle "playchess.com"]
[Source "ChessBase"]
[SourceQuality "1"]

1. d4 Nf6 2. Nc3 d5 3. Bf4 e6 4. Nb5 Na6 5. a3 c6 6. Nc3 Bd6 7. Bg3 O-O 8. e3
Nc7 9. Nf3 b6 10. Bd3 Bb7 11. Bh4 c5 12. O-O c4 13. Be2 a5 14. b3 b5 15. Ne5
Be7 16. Bf3 Nd7 17. Bxe7 Qxe7 18. Nxd7 Qxd7 19. e4 Bc6 20. Re1 b4 21. exd5 exd5
22. Ne2 c3 23. Nf4 Qd6 24. Nd3 Ne6 25. Ne5 Bb7 26. a4 Rae8 27. Qd3 f6 28. Ng4
Ba6 29. Qf5 Nxd4 30. Qxd5+ Qxd5 31. Bxd5+ Kh8 32. Rxe8 Rxe8 33. Ne3 g6 34. Rd1
Ne2+ 35. Kh1 Nf4 36. Bc6 Rc8 37. Bf3 Kg7 38. g3 Be2 39. Bxe2 Nxe2 40. Kg2 f5
41. Kf3 f4 42. gxf4 Nxf4 43. Kxf4 Rf8+ 44. Kg3 h5 45. Nc4 Rf5 46. f3 Rc5 47.
Rd6 Kh6 48. h4 Kg7 49. Kf4 Kh6 50. Ne5 Kh7 51. Rd7+ Kh6 52. Nf7+ Kg7 53. Ng5+
Kg8 54. Rd8+ Kg7 55. Ne6+ 1-0

[Event "European Blitz Championship 2021"]
[Site "Katowice"]
[Date "2021.12.17"]
[Round "9.28"]
[White "Klekowski, Maciej"]
[Black "Kowalczyk, Mariusz"]
[Result "1-0"]
[WhiteElo "2499"]
[BlackElo "2070"]
[Annotator "ChessBase"]
[PlyCount "67"]
[EventDate "2021.12.17"]
[EventType "swiss"]
[EventCountry "POL"]
[SourceTitle "playchess.com"]
[Source "ChessBase"]
[SourceQuality "1"]

1. c4 Nf6 2. Nc3 e6 3. Nf3 b6 4. g3 Bb7 5. Bg2 Be7 6. O-O O-O 7. Re1 d6 8. d4
Nbd7 9. e4 e5 10. d5 c6 11. h3 a6 12. a4 Rc8 13. Bf1 h6 14. Be3 cxd5 15. exd5
Nh7 16. Nd2 f5 17. f4 Nhf6 18. Bd3 Nh7 19. Rf1 Nc5 20. Bxc5 bxc5 21. fxe5 dxe5
22. Bxf5 Rb8 23. Bxh7+ Kxh7 24. Qc2+ g6 25. Rxf8 Qxf8 26. Rf1 Qg7 27. Nde4 Bc8
28. d6 Bd8 29. g4 h5 30. Nd5 Rb7 31. Nxc5 Rf7 32. Rxf7 Qxf7 33. Qf2 Qe6 34.
Nxe6 1-0

[Event "European Blitz Championship 2021"]
[Site "Katowice"]
[Date "2021.12.17"]
[Round "9.28"]
[White "Mirski, Michal"]
[Black "Krzywda, Andrzej"]
[Result "1/2-1/2"]
[WhiteElo "2039"]
[BlackElo "2100"]
[Annotator "NA"]
[PlyCount "84"]
[EventDate "2021.12.17"]
[EventType "swiss"]
[EventCountry "POL"]
[SourceTitle "playchess.com"]
[Source "ChessBase"]
[SourceQuality "1"]

1. e4 c5 2. Nc3 Nc6 3. g3 g6 4. Bg2 Bg7 5. Nge2 e5 6. d3 Nge7 7. Be3 d6 8. Qd2
Nd4 9. h3 O-O 10. f4 f5 11. O-O-O Be6 12. Kb1 Rb8 13. h4 fxe4 14. dxe4 Bg4 15.
Bh3 Bf3 16. Rhf1 Nxe2 17. Nxe2 Bxe4 18. Qxd6 Qxd6 19. Rxd6 exf4 20. Nxf4 Nf5
21. Bxf5 Rxf5 22. Rfd1 Bc6 23. g4 Re5 24. Bc1 Re4 25. h5 Rf8 26. Ne6 Re8 27.
Nxg7 Kxg7 28. hxg6 hxg6 29. Rh1 Re1 30. Rxe1 Rxe1 31. b3 Rg1 32. g5 Be4 33. Kb2
Rg2 34. Bd2 Bf5 35. Bc3+ Kf7 36. Rd2 Rxd2 37. Bxd2 Ke6 38. Be3 Kd5 39. c4+ Kc6
40. Kc3 b6 41. a3 a6 42. b4 Be6 1/2-1/2

[Event "European Blitz Championship 2021"]
[Site "Katowice"]
[Date "2021.12.17"]
[Round "9.29"]
[White "Bogdanov, Ignat"]
[Black "Kyc, Jerzy"]
[Result "0-1"]
[WhiteElo "2116"]
[BlackElo "2250"]
[Annotator "NA"]
[PlyCount "50"]
[EventDate "2021.12.17"]
[EventType "swiss"]
[EventCountry "POL"]
[SourceTitle "playchess.com"]
[Source "ChessBase"]
[SourceQuality "1"]

1. d4 d5 2. c4 c6 3. cxd5 cxd5 4. Nc3 e6 5. Nf3 Nf6 6. Bf4 Be7 7. e3 O-O 8. Bd3
Nc6 9. O-O Bd7 10. Rc1 Rc8 11. Qe2 a6 12. a3 b5 13. Ne5 Na5 14. Nxd7 Qxd7 15.
Nxb5 axb5 16. Bxb5 Qa7 17. b4 Nc4 18. Bxc4 dxc4 19. Rxc4 Qxa3 20. b5 Nd5 21.
Rxc8 Rxc8 22. Bg3 Qb3 23. h3 Nc3 24. Qf3 Qxb5 25. Kh2 Qxf1 0-1